00929nam a22002657a 45000010005000000030006000050050017000110080041000280200018000690400029000870500017001160820013001331000020001462450096001662500046002622600038003083000050003464900026003965050008004225200133004305210020005635210020005836500028006036500032006319086FISKH20251119113956.0251119b cb ||||| |||| 00| 0 eng d a9780439793261 aFISKHbengcFISKHdFISKH aTK140.E3 N37 a621.3092 aNemes, Clarire  aYoung Thomas Edison : bGreat inventor / cby Claire Nemes : illustrated by John Himmelman  aFirst Scholastic printing, September 2005 aNew York : bScholastic , c1996. a31 pages : bcolor illustrations ; c23 cm .  aFirst-Start Biography aL  aA simple biography of the famous American who created more than 1,000 inventions and became known as "The Wizard of Menlo Park."8 a530 bLexile 8 aL bRaz-Plus  aExpositoryvNon-fiction aFamous people vNon-fiction